000 01319nam0a22003371 4500
001 RU\NLR\BIBL_A\022488724
005 20250806203530.0
035 _a(NLR Aleph) 022488724
090 _a85413
_c85413
100 _a20250310d1945 u y0rusy50 ca
101 0 _abel
102 _aBY
105 _ay z 000ay
181 0 _ai4
_baxxe
182 0 _an
200 1 _aЗемля гудзе
_e[апавяданні]
_fУсевалад Краўчанка
203 _aТекст
_bвизуальный
_cнепосредственный
210 _aМінск
_cДзяржаўнае выд-ва БССР
_d1945
215 _a141, [2] с.
_d14
300 _aНа 4-й с. обл. авт. и загл. на рус. яз.: Земля гудит / Всеволод Кравченко
517 1 _6z20790
_aЗемля гудит
700 1 _aКравченко
_bВ. И.
_f1915-1961
_gВсеволод Игнатьевич
_3RU\NLR\AUTH\770278415
790 1 _6z20517
_aКравченко
_bВ. И.
_f1915-1961
_gВсеволод Игнатьевич
_3RU\NLR\AUTH\770278415
852 _aNLR
_jЛ40 Г-1/198
899 _aНБ Беларуси
942 _cBOOK
945 _aРоссийская национальная библиотека
980 _aBV
980 _aBEL